000 00586nam a2200229Ia 4500
003 OSt
005 20230523161431.0
008 210423s2003 xx 000 0 und d
020 _a978-0-14-042439-3
040 _cAL
041 _aeng
082 _a821.4
_223
_b MILP
100 _aMILTON (John)
_9111686
245 _aParadise lost
_cLEONARD (John)
260 _aLondon
_bPenguin Books Ltd
_c2003
300 _alviii,453
_bPB
365 _b299
_cINR
650 _aEnglish Literature
_9111687
650 _aEnglish Poetry
_9111688
906 _alost ; Paradise
942 _2ddc
_cBK
999 _c167107
_d167107